Bộ luật dân sự nước Cộng hòa Xã hội chủ nghĩa Việt Nam

Gorde:
Xehetasun bibliografikoak
Erakunde egilea: Việt Nam ( Cộng hòa Xã hội chủ nghĩa )
Formatua: Liburua
Hizkuntza:Undetermined
Argitaratua: Hà Nội Chính trị Quốc gia 1999
Gaiak:
Etiketak: Etiketa erantsi
Etiketarik gabe, Izan zaitez lehena erregistro honi etiketa jartzen!
Thư viện lưu trữ: Trung tâm Học liệu Trường Đại học Cần Thơ
LEADER 00693nam a2200193Ia 4500
001 CTU_39169
008 210402s9999 xx 000 0 und d
020 |c 23000 
082 |a 346.597 
082 |b V308 
110 |a Việt Nam ( Cộng hòa Xã hội chủ nghĩa ) 
245 0 |a Bộ luật dân sự nước Cộng hòa Xã hội chủ nghĩa Việt Nam 
245 0 |c Việt Nam ( Cộng hòa Xã hội chủ nghĩa ) 
260 |a Hà Nội 
260 |b Chính trị Quốc gia 
260 |c 1999 
650 |a Civil law ( vietnamese law ) 
904 |i Nguyễn Quang Điền 
980 |a Trung tâm Học liệu Trường Đại học Cần Thơ